MARC

LEADER 00000nam0a2200000 4500
001 370295
005 20231102012251.0
035 |a (RuTPU)RU\TPU\retro\27703 
090 |a 370295 
100 |a 20220623d1978 km y0rusy50 ca 
101 0 |a rus 
102 |a RU 
105 |a a z 001zy 
200 1 |a Гуморально-гормональные механизмы регуляции функций при спортивной деятельности  |f Академия наук СССР, Институт биохимии и физиологии микроорганизмов им. Г. К. Скрябина ; под ред. Л. Г. Воронина 
210 |a Москва  |c Наука  |d 1978 
215 |a 304 с.  |c ил. 
320 |a Библиогр.: с. 278-302 
606 1 |a Физиологические функции  |x Исследование  |2 stltpush  |3 (RuTPU)RU\TPU\subj\63780  |9 80718 
606 1 |a Физическая культура и спорт  |x Физиологические основы  |2 stltpush  |3 (RuTPU)RU\TPU\subj\63817  |9 80754 
610 1 |a гуморальная система 
610 1 |a гормоны 
610 1 |a гормональная регуляция 
610 1 |a гормональная система 
610 1 |a адреналин 
610 1 |a стрессовые состояния 
610 1 |a адаптогены 
610 1 |a серотонины 
610 1 |a гистамин 
610 1 |a обмен 
610 1 |a гипоталамус 
610 1 |a гипофиз 
610 1 |a надпочечники 
610 1 |a выносливость 
675 |a 612  |v 4 
675 |a 796.12  |v 4 
702 1 |a Воронин  |b Л. Г.  |4 340 
712 0 2 |a Академия наук СССР  |b Институт биохимии и физиологии микроорганизмов им. Г. К. Скрябина  |c (Пущино)  |2 stltpush  |3 (RuTPU)RU\TPU\col\14662  |9 25978 
801 1 |a RU  |b 63413507  |c 20220623 
942 |c BK